00475nam a2200133Ia 45000010005000000080041000050820026000461000082000722450113001542600024002675900007002919010028002989990015003262562241024s9999 xx 000 0 und d aRD/374.013/R426e/2000 aRepública Dominicana.Secretaría de Estado de Educación y Cultura (SEEC) 0aEstudio diagnóstico sobre la educación técnico profesional en la República Dominicana. Informe Final bSanto Domingoc2000 asi a23/11/2012 3:14:11 p.m. c8504d8504